000 00372 a2200133 4500
001 88435
082 _aPR 650
090 _c41860
_d41860
100 _aAsif Hussain
245 _aSimmulation of fire control system of typical aircraft on analogue computer
260 _aKarachi
_bUniversity of Karachi
_c1971
300 _a60p.
500 _aBE Project Reports
942 _aUniversity of Karachi
_kPR 650
999 _c323508
_d323508